[Event "GER-chT U20"]
[Site "Magdeburg"]
[Date "2023.12.27"]
[Round "1.1"]
[White "Mimkes, Pavel"]
[Black "Hommer, Jeremy"]
[Result "0-1"]
[WhiteElo "1760"]
[BlackElo "2305"]
[PlyCount "52"]
[EventDate "2023.12.26"]
[EventType "team-swiss"]
[EventRounds "7"]
[EventCountry "GER"]
[SourceTitle "CB03_2024"]
[SourceDate "2024.01.17"]
[SourceVersion "1"]
[SourceVersionDate "2024.01.17"]
[SourceQuality "1"]
[WhiteTeam "Guettingen Rochade"]
[BlackTeam "Hamburger SK"]
[WhiteTeamCountry "GER"]
[BlackTeamCountry "GER"]

1. e4 e6 2. c4 d5 3. cxd5 exd5 4. Qb3 dxe4 5. Bc4 Qe7 6. Nc3 Nf6 7. d3 Nbd7 8. Be3 c6 9. dxe4 Ne5 10. Be2 Be6 11. Qc2 Qb4 12. 0-0-0 Bc5 13. Bd2 Bd4 14. Na4 Qe7 15. Bf4 Ng6 16. Rxd4 Nxf4 17. e5 N6d5 18. Nc5 Qg5 19. Rd2 Qxg2 20. Bf3 Qf1+ 21. Rd1 Qb5 22. Ne4 0-0 23. a3 Ne7 24. Nc5 Rad8 25. Rxd8 Rxd8 26. Be4 Qf1+ 0-1

[Event "Berlin Radtke Memorial op"]
[Site "Berlin"]
[Date "2023.10.29"]
[Round "9"]
[White "Hommer, Jeremy"]
[Black "Richter, Nils"]
[Result "1/2-1/2"]
[WhiteElo "2276"]
[BlackElo "2409"]
[PlyCount "169"]
[EventDate "2023.10.23"]
[EventType "swiss"]
[EventRounds "9"]
[EventCountry "GER"]
[SourceTitle "Mega2024 Update 01"]
[Source "Chessbase"]
[SourceDate "2023.11.12"]
[SourceVersion "1"]
[SourceVersionDate "2023.11.12"]
[SourceQuality "1"]

1. e4 c6 2. d4 d5 3. exd5 cxd5 4. Bf4 Nc6 5. c3 Nf6 6. Nd2 Bf5 7. Ngf3 e6 8. Bb5 Qb6 9. Qb3 a6 10. Be2 Nd7 11. Nh4 Bg6 12. Nxg6 hxg6 13. a4 Be7 14. a5 Qxb3 15. Nxb3 g5 16. Bd2 Rc8 17. 0-0 0-0 18. g3 e5 19. Rfc1 Rcd8 20. Be3 e4 21. c4 dxc4 22. Bxc4 Nf6 23. Bxa6 Nb4 24. Bxb7 Rb8 25. a6 Nxa6 26. Na5 Nb4 27. Bxg5 Bd8 28. Bxf6 Bxf6 29. Bxe4 Bxd4 30. Rc4 Bf6 31. Ra4 Be7 32. b3 Rb6 33. Rc7 Bd6 34. Nc4 Bxc7 35. Nxb6 Bxb6 36. Rxb4 Rb8 37. Kg2 Kf8 38. Kf3 Ke7 39. Bd5 f6 40. Rg4 Kd6 41. Bf7 g5 42. Re4 Bd8 43. Bc4 Be7 44. h4 gxh4 45. Rxh4 Kd7 46. Rf4 Ke8 47. Ke4 Ra8 48. Kd5 Ra5+ 49. Kc6 Rc5+ 50. Kb6 Re5 51. b4 Kd7 52. Bb5+ Ke6 53. Bc6 Re2 54. b5 Rc2 55. Re4+ Kf7 56. f3 Bd6 57. g4 Bc5+ 58. Kc7 Rb2 59. Rc4 Be3 60. Rc3 Bf4+ 61. Kb7 Ke6 62. b6 f5 63. gxf5+ Kxf5 64. Rc5+ Be5 65. Rb5 Rh2 66. Ka6 Kf6 67. b7 Ra2+ 68. Kb6 Bd6 69. Be4 Ke7 70. Kc6 Ra6+ 71. Kd5 Bb8 72. Kc4 Ra4+ 73. Kd3 Ra3+ 74. Kc2 Ra6 75. Rc5 Rb6 76. Kd3 Bd6 77. Rc4 Be5 78. Rc8 Rb4 79. Rg8 Rd4+ 80. Ke3 Rb4 81. f4 Rb3+ 82. Bd3 Bd6 83. Rg7+ Kf6 84. Rh7 Be7 85. Rh6+ 1/2-1/2

[Event "Berlin Radtke Memorial op"]
[Site "Berlin"]
[Date "2023.10.24"]
[Round "3"]
[White "Hommer, Jeremy"]
[Black "Olsen, Filip Boe"]
[Result "1/2-1/2"]
[WhiteElo "2276"]
[BlackElo "2423"]
[PlyCount "76"]
[EventDate "2023.10.23"]
[EventType "swiss"]
[EventRounds "9"]
[EventCountry "GER"]
[SourceTitle "Mega2024 Update 01"]
[Source "Chessbase"]
[SourceDate "2023.11.12"]
[SourceVersion "1"]
[SourceVersionDate "2023.11.12"]
[SourceQuality "1"]

1. e4 c5 2. Nf3 d6 3. Bb5+ Bd7 4. Bxd7+ Nxd7 5. 0-0 Ngf6 6. d3 e6 7. b3 g6 8. Bb2 Bg7 9. Nbd2 0-0 10. Re1 Qc7 11. h3 Rfd8 12. Rb1 b5 13. c4 b4 14. d4 cxd4 15. Bxd4 e5 16. Be3 a5 17. Bg5 Qc6 18. Nh2 a4 19. Ng4 axb3 20. axb3 h5 21. Ne3 Rdb8 22. Nd5 Nxd5 23. cxd5 Qa6 24. Be3 Kh7 25. g4 hxg4 26. hxg4 Qd3 27. Nc4 Qxd1 28. Rbxd1 Ra6 29. Ra1 Rba8 30. Rxa6 Rxa6 31. Bd2 Nc5 32. Bxb4 Nd3 33. Bd2 Nxe1 34. Bxe1 Bf8 35. Ba5 Ra7 36. Bb4 Ra1+ 37. Kg2 Rb1 38. Bxd6 Bxd6 1/2-1/2

[Event "GER-ch U18"]
[Site "Willingen"]
[Date "2023.06.02"]
[Round "8"]
[White "Bilovil, Bogdan"]
[Black "Hommer, Jeremy"]
[Result "1/2-1/2"]
[WhiteElo "2348"]
[BlackElo "2313"]
[PlyCount "42"]
[EventDate "2023.05.28"]
[EventType "swiss"]
[EventRounds "9"]
[EventCountry "GER"]
[SourceTitle "CBM 214 Extra"]
[Source "ChessBase"]
[SourceDate "2023.07.31"]
[SourceVersion "1"]
[SourceVersionDate "2023.07.31"]
[SourceQuality "1"]

1. d4 Nf6 2. c4 e6 3. Nc3 Bb4 4. e3 b6 5. Bd3 Bb7 6. Nf3 0-0 7. 0-0 c5 8. Bd2 cxd4 9. Nxd4 Nc6 10. a3 Be7 11. Nxc6 dxc6 12. Qc2 Qc7 13. Rad1 Rad8 14. Ne4 Nxe4 15. Bxe4 h6 16. Bc3 Rxd1 17. Rxd1 Rd8 18. Rxd8+ Qxd8 19. Qd3 Qxd3 20. Bxd3 c5 21. f3 Bf6 1/2-1/2

[Event "GER-ch U18"]
[Site "Willingen"]
[Date "2023.05.30"]
[Round "4"]
[White "Hommer, Jeremy"]
[Black "Bornholdt, Joa Max"]
[Result "1-0"]
[WhiteElo "2313"]
[BlackElo "2250"]
[PlyCount "63"]
[EventDate "2023.05.28"]
[EventType "swiss"]
[EventRounds "9"]
[EventCountry "GER"]
[SourceTitle "CBM 214 Extra"]
[Source "ChessBase"]
[SourceDate "2023.07.31"]
[SourceVersion "1"]
[SourceVersionDate "2023.07.31"]
[SourceQuality "1"]

1. e4 c5 2. Nf3 e6 3. b3 a6 4. Bb2 Nc6 5. g3 Qc7 6. Bg2 Nf6 7. Qe2 Be7 8. 0-0 0-0 9. e5 Ng4 10. h3 Nh6 11. c4 d6 12. Rd1 Rd8 13. Na3 dxe5 14. Nxe5 Nd4 15. Bxd4 cxd4 16. Nc2 Bf6 17. Nd3 a5 18. Na3 e5 19. Nb5 Qe7 20. Re1 Ra6 21. Rac1 Nf5 22. Bd5 Be6 23. Nxe5 Ne3 24. dxe3 Bxe5 25. exd4 Bb8 26. Bg2 Qf6 27. Bxb7 Rb6 28. Bg2 h6 29. c5 Rxb5 30. Qxb5 Qxd4 31. Qe2 Bxg3 32. Red1 1-0

[Event "GER-ch U18"]
[Site "Willingen"]
[Date "2023.05.28"]
[Round "2"]
[White "Hommer, Jeremy"]
[Black "Colbow, Collin"]
[Result "0-1"]
[WhiteElo "2313"]
[BlackElo "2408"]
[PlyCount "100"]
[EventDate "2023.05.28"]
[EventType "swiss"]
[EventRounds "9"]
[EventCountry "GER"]
[SourceTitle "CBM 214 Extra"]
[Source "ChessBase"]
[SourceDate "2023.07.31"]
[SourceVersion "1"]
[SourceVersionDate "2023.07.31"]
[SourceQuality "1"]

1. e4 c5 2. c3 Nf6 3. e5 Nd5 4. d4 cxd4 5. cxd4 e6 6. Nf3 d6 7. Bc4 Be7 8. 0-0 0-0 9. Qe2 a6 10. Nc3 dxe5 11. dxe5 Nxc3 12. bxc3 Bd7 13. Bd3 Bc6 14. Rd1 Qa5 15. c4 Nd7 16. Bf4 Nc5 17. Nd4 Nxd3 18. Rxd3 Qc5 19. Rc1 Rfd8 20. Nb3 Qb4 21. Rh3 Rac8 22. Qc2 g6 23. Rd3 Rxd3 24. Qxd3 Qa4 25. Qe2 Rd8 26. h3 Qa3 27. Be3 Rd7 28. Rc2 Ba4 29. Bc1 Qb4 30. Bd2 Qb6 31. Ba5 Qc6 32. Rd2 Rxd2 33. Bxd2 Qd7 34. Be3 Qc7 35. Bd4 b5 36. cxb5 Bxb5 37. Qd2 Qc4 38. Kh2 h5 39. Qb2 Qd5 40. Nd2 Kg7 41. f3 Bg5 42. Ne4 Bf4+ 43. g3 Bh6 44. Kg2 Qc4 45. Qf2 Bc6 46. Nd6 Qd3 47. Bb6 Bd2 48. Bd8 Be1 49. Bf6+ Kg8 50. Qf1 Qd2+ 0-1

[Event "Reykjavik op"]
[Site "Reykjavik"]
[Date "2023.04.02"]
[Round "7"]
[White "Hommer, Jeremy"]
[Black "Sukandar, Irine Kharisma"]
[Result "1-0"]
[WhiteElo "2251"]
[BlackElo "2389"]
[PlyCount "107"]
[EventDate "2023.03.29"]
[EventType "swiss"]
[EventRounds "9"]
[EventCountry "ISL"]
[SourceTitle "CBM 213 Extra"]
[Source "ChessBase"]
[SourceDate "2023.05.31"]
[SourceVersion "1"]
[SourceVersionDate "2023.05.31"]
[SourceQuality "1"]

1. e4 e5 2. Nf3 Nc6 3. Bc4 Bc5 4. d3 Nf6 5. Nc3 a6 6. Bg5 Be7 7. Bxf6 Bxf6 8. Nd5 d6 9. c3 g6 10. Nxf6+ Qxf6 11. h3 Bd7 12. b4 g5 13. Qd2 h6 14. Qe3 Ne7 15. a4 Ng6 16. g3 Ne7 17. h4 Bg4 18. Nh2 Be6 19. Qf3 Qxf3 20. Nxf3 Bxc4 21. dxc4 g4 22. Nd2 a5 23. Nb3 Nc6 24. b5 Ne7 25. c5 d5 26. exd5 Nxd5 27. Kd2 b6 28. Rhe1 f6 29. c4 Nb4 30. Kc3 0-0-0 31. Rad1 Rhe8 32. cxb6 cxb6 33. c5 bxc5 34. Nxa5 Kc7 35. Nb3 Nd5+ 36. Kc4 Nb6+ 37. Kxc5 Nxa4+ 38. Kb4 Nb2 39. Rxd8 Rxd8 40. Rc1+ Kb8 41. Rc6 Nd3+ 42. Ka5 f5 43. Rxh6 f4 44. Kb6 Kc8 45. Na5 Re8 46. Rh7 Nb4 47. Nc6 Nd5+ 48. Kc5 Nf6 49. Ra7 Re6 50. b6 Ne4+ 51. Kd5 Rd6+ 52. Kxe4 Rxc6 53. Rc7+ Rxc7 54. bxc7 1-0

[Event "Reykjavik op"]
[Site "Reykjavik"]
[Date "2023.04.01"]
[Round "6"]
[White "Ostensson, Julia"]
[Black "Hommer, Jeremy"]
[Result "0-1"]
[WhiteElo "1822"]
[BlackElo "2251"]
[PlyCount "48"]
[EventDate "2023.03.29"]
[EventType "swiss"]
[EventRounds "9"]
[EventCountry "ISL"]
[SourceTitle "CBM 213 Extra"]
[Source "ChessBase"]
[SourceDate "2023.05.31"]
[SourceVersion "1"]
[SourceVersionDate "2023.05.31"]
[SourceQuality "1"]

1. e4 c6 2. d4 d5 3. exd5 cxd5 4. Bd3 Nc6 5. c3 Nf6 6. Bf4 g6 7. Nf3 Bg7 8. 0-0 0-0 9. Nbd2 a6 10. h3 e6 11. a4 b6 12. Re1 Bb7 13. Ne5 Ne7 14. Qb3 Nf5 15. Qb4 Re8 16. Bxf5 gxf5 17. a5 b5 18. Nb3 Ne4 19. Nc5 Ra7 20. Nxe4 dxe4 21. Qb3 Bd5 22. c4 Bxc4 23. Qg3 Bd5 24. Rec1 f6 0-1

[Event "BL2-Nord 2223"]
[Site "Germany"]
[Date "2023.03.19"]
[Round "10.8"]
[White "Hommer, Jeremy"]
[Black "Ewert, Hannes"]
[Result "1-0"]
[WhiteElo "2184"]
[BlackElo "2293"]
[PlyCount "79"]
[EventDate "2022.10.22"]
[EventType "team-tourn"]
[EventRounds "10"]
[EventCountry "GER"]
[SourceTitle "EXT 2024"]
[Source "ChessBase"]
[SourceDate "2023.10.10"]
[SourceVersion "1"]
[SourceVersionDate "2023.10.10"]
[SourceQuality "1"]
[WhiteTeam "Hamburger SK II"]
[BlackTeam "Werder Bremen II"]
[WhiteTeamCountry "GER"]
[BlackTeamCountry "GER"]

1. e4 e5 2. Nf3 Nc6 3. Bc4 Bc5 4. d3 Nf6 5. Nc3 0-0 6. Bg5 h6 7. Bh4 Be7 8. Bxf6 Bxf6 9. Qd2 d6 10. h3 Be6 11. Nd5 a6 12. a4 Kh7 13. 0-0 g6 14. b4 Bg7 15. b5 Ne7 16. bxa6 bxa6 17. Rab1 Nxd5 18. Bxd5 Bxd5 19. exd5 f5 20. Qa5 Rf7 21. Rb7 Qc8 22. Rfb1 e4 23. Nd2 exd3 24. cxd3 Bd4 25. Nc4 Qd8 26. Qd2 Qf6 27. Rc1 Re8 28. Na5 Bb6 29. Nc6 a5 30. Re1 Rxe1+ 31. Qxe1 f4 32. Rb8 f3 33. g3 Qb2 34. Re8 Qa2 35. Nd8 Rg7 36. Ne6 Rf7 37. Nf8+ Kg7 38. Qc3+ Rf6 39. Ne6+ Kh7 40. Rh8+ 1-0

[Event "BL2-Nord 2223"]
[Site "Germany"]
[Date "2023.02.05"]
[Round "6.8"]
[White "Acikel, Mert"]
[Black "Hommer, Jeremy"]
[Result "1/2-1/2"]
[WhiteElo "2197"]
[BlackElo "2184"]
[PlyCount "132"]
[EventDate "2022.10.22"]
[EventType "team-tourn"]
[EventRounds "10"]
[EventCountry "GER"]
[SourceTitle "EXT 2024"]
[Source "ChessBase"]
[SourceDate "2023.10.10"]
[SourceVersion "1"]
[SourceVersionDate "2023.10.10"]
[SourceQuality "1"]
[WhiteTeam "Koenig Tegel"]
[BlackTeam "Hamburger SK II"]
[WhiteTeamCountry "GER"]
[BlackTeamCountry "GER"]

1. e4 c6 2. Nc3 d5 3. Nf3 dxe4 4. Nxe4 Nf6 5. Qe2 Nxe4 6. Qxe4 Nd7 7. Bc4 Nf6 8. Ne5 e6 9. Qe2 b5 10. Bb3 Bd6 11. d4 Qc7 12. 0-0 0-0 13. Re1 c5 14. dxc5 Qxc5 15. Bf4 Bb7 16. Rad1 a6 17. Nd7 Nxd7 18. Rxd6 Nf6 19. Qe5 Qxe5 20. Bxe5 Rfd8 21. Red1 Nd5 22. Rxd8+ Rxd8 23. a4 f6 24. Bg3 Kf7 25. axb5 axb5 26. c4 bxc4 27. Bxc4 Ke7 28. f3 Rc8 29. Bd3 h6 30. Ra1 Ra8 31. Rxa8 Bxa8 32. Kf2 e5 33. Ke2 Nb4 34. Be4 Bc6 35. Be1 Bb5+ 36. Kd2 Ke6 37. Bf2 f5 38. Bb1 Nd5 39. g3 g5 40. Bc5 h5 41. b4 g4 42. fxg4 hxg4 43. Bd3 Nc7 44. Bb6 Bxd3 45. Kxd3 Kd7 46. Kc4 Kc6 47. Bc5 Nb5 48. Kd3 Kd5 49. Bb6 Nd6 50. Ba7 Nb5 51. Bb6 Kc6 52. Bc5 Nd6 53. Ba7 Kd5 54. Bc5 Nc4 55. Kc3 e4 56. Be7 Na3 57. Kd2 Kc4 58. Bc5 Nb5 59. Ke3 Kd5 60. Bb6 Ke5 61. Bc5 Nc7 62. Bd4+ Ke6 63. Bc5 Ke5 64. Bd4+ Kd5 65. Ba7 Nb5 66. Bc5 Ke6 1/2-1/2

[Event "Dortmund Sparkassen op 49th"]
[Site "Dortmund"]
[Date "2022.07.24"]
[Round "9"]
[White "Bomans, Arno"]
[Black "Hommer, Jeremy"]
[Result "1/2-1/2"]
[WhiteElo "2242"]
[BlackElo "2090"]
[PlyCount "29"]
[EventDate "2022.07.16"]
[EventType "swiss"]
[EventRounds "9"]
[EventCountry "GER"]
[SourceTitle "CBM 209 Extra"]
[Source "ChessBase"]
[SourceDate "2022.09.30"]
[SourceVersion "1"]
[SourceVersionDate "2022.09.30"]
[SourceQuality "1"]

1. d4 e6 2. c4 Nf6 3. g3 d5 4. Nf3 Be7 5. Bg2 0-0 6. Nc3 dxc4 7. Ne5 c5 8. dxc5 Qxd1+ 9. Nxd1 Bxc5 10. 0-0 Nc6 11. Bxc6 bxc6 12. Be3 Bb6 13. Nxc4 Ba6 14. Nxb6 axb6 15. Nc3 1/2-1/2

[Event "GER-ch U16"]
[Site "Willingen"]
[Date "2022.06.06"]
[Round "3"]
[White "Hommer, Jeremy"]
[Black "Farokhi, Keyvan"]
[Result "0-1"]
[WhiteElo "2123"]
[BlackElo "2360"]
[PlyCount "112"]
[EventDate "2022.06.04"]
[EventType "swiss"]
[EventRounds "9"]
[EventCountry "GER"]
[SourceTitle "CBM 208 Extra"]
[Source "ChessBase"]
[SourceDate "2022.07.31"]
[SourceVersion "1"]
[SourceVersionDate "2022.07.31"]
[SourceQuality "1"]

1. e4 c5 2. Nf3 Nf6 3. e5 Nd5 4. Nc3 e6 5. g3 Nxc3 6. bxc3 Nc6 7. d3 d6 8. exd6 Bxd6 9. Bg2 0-0 10. 0-0 Qc7 11. c4 b6 12. Bb2 Bb7 13. Qd2 Ne5 14. Nxe5 Bxg2 15. Kxg2 Bxe5 16. Bxe5 Qxe5 17. a4 Rad8 18. Qe1 Qf5 19. a5 h5 20. h4 Rd4 21. Qe3 e5 22. axb6 axb6 23. f3 Re8 24. Rfe1 Re6 25. Qg5 Qxg5 26. hxg5 Kh7 27. Ra7 Kg6 28. Rb7 h4 29. Ra1 hxg3 30. Kxg3 Rf4 31. Raa7 Rf5 32. Ra6 Rxg5+ 33. Kf2 f6 34. Raxb6 Rxb6 35. Rxb6 Kf5 36. Rc6 Kf4 37. Rxc5 Rh5 38. Kg2 Ke3 39. f4 Kxf4 40. Rc7 g5 41. c5 f5 42. Rd7 g4 43. c6 g3 44. c4 Rh2+ 45. Kg1 Kf3 46. Ra7 Rh6 47. d4 exd4 48. Ra3+ Kg4 49. Rd3 Rxc6 50. Rxd4+ f4 51. Kg2 Ra6 52. c5 Ra2+ 53. Kg1 Kh3 54. Rxf4 Ra1+ 55. Rf1 Rxf1+ 56. Kxf1 Kh2 0-1

[Event "GER-ch U16"]
[Site "Willingen"]
[Date "2022.06.05"]
[Round "2"]
[White "Ohler, Julius"]
[Black "Hommer, Jeremy"]
[Result "1/2-1/2"]
[WhiteElo "2011"]
[BlackElo "2123"]
[PlyCount "46"]
[EventDate "2022.06.04"]
[EventType "swiss"]
[EventRounds "9"]
[EventCountry "GER"]
[SourceTitle "CBM 208 Extra"]
[Source "ChessBase"]
[SourceDate "2022.07.31"]
[SourceVersion "1"]
[SourceVersionDate "2022.07.31"]
[SourceQuality "1"]

1. d4 Nf6 2. Nf3 e6 3. Bg5 c5 4. c3 cxd4 5. cxd4 Qa5+ 6. Bd2 Bb4 7. a3 Bxd2+ 8. Qxd2 Qxd2+ 9. Nbxd2 d5 10. e3 Bd7 11. Bd3 Nc6 12. Ke2 Ke7 13. Rhc1 a5 14. Rc2 Rhc8 15. Rac1 Na7 16. Ne5 Rxc2 17. Rxc2 Rc8 18. Rxc8 Nxc8 19. f3 Na7 20. Nb1 Bb5 21. Nc3 Bxd3+ 22. Kxd3 Nc6 23. Nxc6+ bxc6 1/2-1/2

[Event "Hamburg HSK IM"]
[Site "Hamburg"]
[Date "2022.05.24"]
[Round "6"]
[White "Hommer, Jeremy"]
[Black "Kotyk, Michael"]
[Result "0-1"]
[WhiteElo "2152"]
[BlackElo "2170"]
[PlyCount "88"]
[EventDate "2022.05.20"]
[EventType "tourn"]
[EventRounds "9"]
[EventCountry "GER"]
[EventCategory "3"]
[SourceTitle "CBM 208 Extra"]
[Source "ChessBase"]
[SourceDate "2022.07.31"]
[SourceVersion "1"]
[SourceVersionDate "2022.07.31"]
[SourceQuality "1"]

1. d4 d5 2. Bf4 Nf6 3. e3 e6 4. Nf3 Bd6 5. Ne5 c5 6. c3 Qc7 7. Nd2 Nbd7 8. Ndf3 c4 9. h4 b5 10. a3 a5 11. g4 Ne4 12. Nxd7 Bxd7 13. Bxd6 Qxd6 14. Nd2 f5 15. gxf5 exf5 16. Nxe4 fxe4 17. Qh5+ g6 18. Qe5+ Qxe5 19. dxe5 0-0 20. Rd1 Be6 21. Bh3 Kf7 22. Bg2 Ke7 23. 0-0 Rf5 24. f4 exf3 25. Rxf3 Rxe5 26. Rd4 Bf5 27. Rg3 Ke6 28. Kf2 Rb8 29. Bxd5+ Rxd5 30. e4 Rxd4 31. exf5+ Kxf5 32. Rg5+ Ke4 33. cxd4 Kxd4 34. Ke2 Re8+ 35. Kd2 Re5 36. Rg4+ Kc5 37. Rf4 Rf5 38. Re4 b4 39. axb4+ axb4 40. Re7 Rf2+ 41. Kc1 h5 42. Rc7+ Kd4 43. Rd7+ Kc5 44. Rc7+ Kb5 0-1

[Event "EU-ch 22nd"]
[Site "Terme Catez"]
[Date "2022.03.27"]
[Round "1"]
[White "Gumularz, Szymon"]
[Black "Hommer, Jeremy"]
[Result "1-0"]
[WhiteElo "2539"]
[BlackElo "2221"]
[PlyCount "79"]
[EventDate "2022.03.27"]
[EventType "swiss"]
[EventRounds "11"]
[EventCountry "SLO"]
[SourceTitle "CBM 208"]
[Source "ChessBase"]
[SourceDate "2022.06.30"]
[SourceVersion "1"]
[SourceVersionDate "2022.06.30"]
[SourceQuality "1"]

1. c4 e6 2. Nc3 Nf6 3. e4 c5 4. e5 Ng8 5. Nf3 Nc6 6. d4 cxd4 7. Nxd4 Qc7 8. f4 a6 9. Be3 d6 10. exd6 Bxd6 11. Nxc6 bxc6 12. g3 c5 13. Bg2 Bb7 14. Ne4 Rd8 15. Qa4+ Ke7 16. Qc2 Bxe4 17. Bxe4 Nf6 18. Bf3 h5 19. 0-0-0 h4 20. Rhe1 hxg3 21. hxg3 Rh3 22. Qf2 Ne8 23. Rd3 Rh8 24. Red1 f6 25. Rb3 Rb8 26. Rxb8 Qxb8 27. Bxc5 Qc7 28. Bxd6+ Nxd6 29. c5 Rc8 30. c6 Qa5 31. Qd4 Qc7 32. Kb1 Rd8 33. Qc5 Kf7 34. Qh5+ Kg8 35. Re1 Nf5 36. Rxe6 Nxg3 37. Re8+ Rxe8 38. Qxe8+ Kh7 39. Qd7 Qa5 40. Qh3+ 1-0

[Event "BL2-Nord 2122"]
[Site "Germany"]
[Date "2022.03.06"]
[Round "2.8"]
[White "Hommer, Jeremy"]
[Black "Moeller, Hannah Sophie"]
[Result "1-0"]
[WhiteElo "2221"]
[BlackElo "1825"]
[PlyCount "85"]
[EventDate "2022.03.05"]
[EventType "team-tourn"]
[EventRounds "10"]
[EventCountry "GER"]
[SourceTitle "EXT 2023"]
[Source "ChessBase"]
[SourceDate "2022.10.05"]
[SourceVersion "1"]
[SourceVersionDate "2022.10.05"]
[SourceQuality "1"]
[WhiteTeam "Hamburger SK II"]
[BlackTeam "Lingen"]
[WhiteTeamCountry "GER"]
[BlackTeamCountry "GER"]

1. e4 g6 2. d4 Bg7 3. Nc3 d6 4. Be3 Nd7 5. Qd2 b6 6. 0-0-0 Bb7 7. f3 e6 8. Kb1 a6 9. g4 Qe7 10. h4 h5 11. g5 0-0-0 12. Nge2 Qf8 13. Bh3 Ne7 14. Rhf1 Kb8 15. a4 Nc6 16. f4 f5 17. gxf6 Bxf6 18. Bxe6 Bxh4 19. f5 gxf5 20. Bxf5 Qe8 21. Nf4 Ne7 22. Bh3 Nf8 23. a5 Bg5 24. axb6 cxb6 25. d5 Neg6 26. Nxg6 Bxe3 27. Qxe3 Nxg6 28. Qxb6 Qe7 29. Be6 Ne5 30. Ne2 Qc7 31. Qb3 Qc4 32. Qxc4 Nxc4 33. Rf3 Bc8 34. Nd4 Ne5 35. Rb3+ Ka7 36. Rh3 Bd7 37. Rg1 Rh7 38. Bxd7 Rdxd7 39. Rgh1 Rdf7 40. Nf5 Nc4 41. Kc1 Kb6 42. b3 Ne5 43. Nxd6 1-0

[Event "Reinstorf Blitz op"]
[Site "Reinstorf"]
[Date "2022.02.04"]
[Round "7"]
[White "Hommer, Jeremy"]
[Black "Reichmann, Hendrik"]
[Result "0-1"]
[WhiteElo "2220"]
[BlackElo "2338"]
[PlyCount "76"]
[EventDate "2022.01.29"]
[EventType "swiss (blitz)"]
[EventRounds "9"]
[EventCountry "GER"]
[SourceTitle "CBM 206 Extra"]
[Source "ChessBase"]
[SourceDate "2022.03.31"]
[SourceVersion "1"]
[SourceVersionDate "2022.03.31"]
[SourceQuality "1"]

1. e4 g6 2. d4 Bg7 3. Nc3 d6 4. Be3 a6 5. Qd2 b5 6. 0-0-0 Nd7 7. f3 Bb7 8. Kb1 Rc8 9. h4 h5 10. Nh3 c5 11. Nf2 cxd4 12. Bxd4 Ngf6 13. g4 hxg4 14. fxg4 b4 15. Nd5 e5 16. Be3 Nxd5 17. exd5 Qa5 18. a3 Nf6 19. Bg2 Qb5 20. Qxb4 Qxb4 21. axb4 Rc4 22. g5 Ng4 23. Nxg4 Rxg4 24. c3 Rxg2 25. Ka2 Rg4 26. Bf2 Rf4 27. Bg3 Rf3 28. Be1 Re3 29. Kb3 e4 30. Ka4 Rd3 31. Ra1 Bxd5 32. Ka5 Kd7 33. Kb6 Rb8+ 34. Ka7 Rb7+ 35. Kxa6 Rb8 36. Ra5 Rd1 37. Ka7 Kc7 38. Ka6 Bc6 0-1

[Event "Reinstorf Blitz op"]
[Site "Reinstorf"]
[Date "2022.02.04"]
[Round "9"]
[White "Hommer, Jeremy"]
[Black "Rick, Niklas Corvin"]
[Result "1-0"]
[WhiteElo "2220"]
[BlackElo "1490"]
[PlyCount "89"]
[EventDate "2022.01.29"]
[EventType "swiss (blitz)"]
[EventRounds "9"]
[EventCountry "GER"]
[SourceTitle "CBM 206 Extra"]
[Source "ChessBase"]
[SourceDate "2022.03.31"]
[SourceVersion "1"]
[SourceVersionDate "2022.03.31"]
[SourceQuality "1"]

1. e4 c5 2. Nf3 d6 3. Bb5+ Bd7 4. Bxd7+ Nxd7 5. 0-0 g6 6. c4 Bg7 7. Nc3 Ngf6 8. Re1 0-0 9. b3 a6 10. Bb2 Qc7 11. d4 cxd4 12. Nxd4 Nc5 13. f3 Rfe8 14. Qd2 h5 15. Rad1 Ne6 16. Nc2 Nd7 17. Kh1 Kh7 18. Nd5 Qd8 19. Bxg7 Kxg7 20. Nce3 Nb6 21. Nxb6 Qxb6 22. Nd5 Qd8 23. Qc3+ f6 24. Qb4 Rb8 25. f4 Nc7 26. e5 Nxd5 27. Rxd5 fxe5 28. fxe5 Rf8 29. exd6 exd6 30. Rxd6 Qh4 31. Rd7+ Kg8 32. Qd2 Qf6 33. Qd5+ Kh8 34. h3 Rbd8 35. Qxb7 Rxd7 36. Qxd7 Qf2 37. Qe7 Rf7 38. Qe5+ Kh7 39. Qe3 Qf5 40. Qf3 Qd7 41. Qd5 Qa7 42. c5 Rd7 43. Qe5 Rd2 44. Qe7+ Qxe7 45. Rxe7+ 1-0